Missing Word: Best Actress (Musical/Comedy) Quiz Stats

 Plays Quiz Updated Sep 10, 2015

Score 0/24 Timer 03:00
1 Play Today
Hint Missing Surname % Correct
Jamie Lee _____Curtis
94.3%
Meryl _____Streep
93.1%
Marilyn _____Monroe
92.9%
Gwyneth _____Paltrow
92.1%
Julie _____Andrews
91.2%
Reese _____Witherspoon
91.1%
Barbra _____Streisand
80.7%
Sissy _____Spacek
79.8%
Melanie _____Griffith
74.3%
Helen _____Hunt
73.7%
Bette _____Midler
73%
Liza _____Minnelli
69.8%
Hint Missing Surname % Correct
Kathleen _____Turner
69.5%
Diane _____Keaton
67.9%
Maggie _____Smith
62.3%
Annette _____Bening
62.2%
Renée _____Zellweger
61.5%
Jennifer _____Lawrence
54.1%
Deborah _____Kerr
49.9%
Angela _____Bassett
48.1%
Shirley _____MacLaine
45.2%
Rosalind _____Russell
41%
Marion _____Cotillard
37.6%
Michelle _____Williams
30.4%

Today's Daily Dose

Missing Word
Twenty One Pilots

Word Ladder
Van Halen Song

Quick Pick
'P' Literature

You're not logged in!

Compare scores with friends on all Sporcle quizzes.
OR
Log In

Show Comments

Extras

Top Quizzes Today


Score Distribution

Your Account Isn't Verified!

In order to create a playlist on Sporcle, you need to verify the email address you used during registration. Go to your Sporcle Settings to finish the process.

Report this User

Report this user for behavior that violates our Community Guidelines.

Details: